Comenzar a pensar en una tesis (Registro nro. 21973)
[ vista simple ]
| 000 -LEADER | |
|---|---|
| fixed length control field | 00320 a2200109 4500 |
| 001 - CONTROL NUMBER | |
| control field | ART_13057 |
| 005 - DATE AND TIME OF LATEST TRANSACTION | |
| control field | 20260410161817.0 |
| 008 - FIXED-LENGTH DATA ELEMENTS--GENERAL INFORMATION | |
| fixed length control field | 260409a |
| 100 1# - MAIN ENTRY--PERSONAL NAME | |
| Personal name | Kunz, Ana |
| 245 10 - TITLE STATEMENT | |
| Title | Comenzar a pensar en una tesis |
| 773 0# - HOST ITEM ENTRY | |
| Title | Revista Juridica de Buenos Aires |
| Related parts | Derechos humanos (ene. 2007) |
| Record control number | REV4315 |
No hay ítems disponibles.